00270nam a22001097a 4500020002100000082001800021100002200039245002400061260004400085300000800129650002300137 a978-019-997577-8 a297.09051 ESP aEsposito, John L. aThe Future of Islam aNew YorkbOxford University Pressc2013 a234 aIslam-21st Century